000 00684nam a2200217 a 4500
003 PILC
005 20160205094148.0
008 110819s19uu xx 00 eng d
020 _a9781848728219
050 _aBF 503
_b.M66 2010
100 _aMone, Edward.
245 _aEmployee engagement through effective performance management :
_ba practical guide for managers /
_cEdward Mone; Manuel London.
260 _aNew York :
_bRoutledge,
_c2010.
300 _a247 pages :
_billustrations ;
_c24 cm.
500 _aIncludes indexes.
650 _aAchievement motivation.
650 _aEmployee motivation.
700 _aLondon, Manuel.
942 _cBK
_2lcc
_kFOR
999 _c24683
_d24683